000 00766nam a22001817a 4500
008 140923t cl||||| |||| 00| 0 spa d
020 _a9789587107821
050 0 4 _aK3253
_bB37 2012
100 1 _aBarbosa Delgado, Francisco R.
245 1 3 _aEl margen nacional de apreciación y sus límites en la libertad de expresión :
_banálisis comparado de los sistemas europeo e interamericano de derechos humanos /
_cFrancisco R. Barbosa Delgado
250 _a1a ed.
260 _aBogotá, Colombia :
_bUniversidad Externado,
_c2012
300 _a543 p. ;
_c24 cm.
504 _aIncluye bibliografias e índice
650 7 _2LEMB
_aLibertad de Expreción
_xDerechos humanos
_zEuropa
650 7 _2LEMB
_aLibertad de expresion
_xderechos humanos
_zAmerica
942 _2ddc
_cLIB
999 _c81028
_d81028